000
00264nam a2200121 a 4500
008
100917s1964|||| d
100
1
_a
Dygat, Stanislaw
245
1
0
_a
Cesta
260
_a
Bratislava
_c
1964
_b
SVKL
044
_a
xo
_c
SK
041
_a
slo
020
_c
13
999
_c
10427
_d
10427